[Event "ENG Civil Servise-ch 7th"]
[Site "England"]
[Date "1997.??.??"]
[Round "3"]
[White "Keech, Paul"]
[Black "Howarth, I."]
[Result "1-0"]
[WhiteElo "1790"]
[BlackElo "1850"]
[PlyCount "81"]
[EventDate "1997.??.??"]
[EventType "swiss"]
[EventRounds "5"]
[EventCountry "ENG"]
[SourceTitle "EXT 2000"]
[Source "ChessBase"]
[SourceDate "1999.11.16"]
[SourceVersion "1"]
[SourceVersionDate "1999.11.16"]
[SourceQuality "1"]

1. e4 c5 2. Nc3 d6 3. f4 Nc6 4. Bb5 Bd7 5. Bxc6 Bxc6 6. Nf3 g6 7. 0-0 Bg7 8. d3 Nf6 9. e5 Nd5 10. Ne4 0-0 11. Qe1 Nb4 12. Qf2 Bxe4 13. dxe4 Nc6 14. exd6 exd6 15. c3 f5 16. Ng5 Qf6 17. Qc2 h6 18. Qb3+ Kh8 19. Ne6 Rf7 20. exf5 Qxf5 21. Bd2 Bf6 22. Rae1 Re7 23. Re3 Rae8 24. h3 Na5 25. Qa4 Rxe6 26. Rxe6 Rxe6 27. Qxa5 Qd5 28. Be1 Re2 29. Bf2 Bh4 30. g3 Bxg3 31. Bd4+ Kg8 32. Qd8+ Kf7 33. Qf6+ Ke8 34. Qxg6+ Qf7 35. Qxg3 cxd4 36. cxd4 Rxb2 37. Re1+ Kf8 38. f5 Qg7 39. Re8+ Kxe8 40. Qxg7 Rb1+ 41. Kf2 1-0